| 000 | 00900nam a2200277Ia 4500 | ||
|---|---|---|---|
| 005 | 20220317001141.0 | ||
| 008 | 160825s2007 sp a g 000 0 spa | ||
| 020 | _a97884261275012 | ||
| 082 | 0 | 4 |
_a567.91 _bA43d |
| 100 | 1 |
_aAliki _d1929- |
|
| 245 | 1 | 4 |
_aLos dinosaurios son diferentes _cAliki ; traducido por Herminia Dauer |
| 250 | _a5a. edición | ||
| 300 |
_a32 páginas _bilustraciones en color _c18 cm |
||
| 490 | _aLibros de ciencia para leer y descubrir | ||
| 534 | _tDinosaurs are different | ||
| 650 | 1 | 4 |
_2LEMB _aDinosaurios _xEnseñanza |
| 650 | 1 | 4 |
_2LEMB _aReptiles fósiles |
| 700 | 1 |
_aAliki, 1929- _966838 |
|
| 700 | 1 |
_aDauer, Herminia _966839 |
|
| 942 |
_2ddc _cBK |
||
| 264 |
_aBarcelona _bJuventud _c2007 |
||
| 336 |
_atexto _btxt _2rdacontent |
||
| 337 |
_asin mediación _bn _2rdamedia |
||
| 338 |
_avolumen _bnc _2rdacarrier |
||
| 040 |
_aCO-BoRNBP _bspa _erda _cCO-BoRNBP |
||
| 999 |
_c6079 _d6079 |
||